[Event "Santpedor op 5th"]
[Site "Santpedor"]
[Date "2001.??.??"]
[Round "6"]
[White "Pinero Casoliba, Lluis"]
[Black "Creus Girabal, Josep Maria"]
[Result "1/2-1/2"]
[WhiteElo "1775"]
[BlackElo "1800"]
[PlyCount "68"]
[EventDate "2001.09.14"]
[EventType "swiss"]
[EventRounds "7"]
[EventCountry "ESP"]
[SourceTitle "EXT 2003"]
[Source "ChessBase"]
[SourceDate "2002.11.25"]
[SourceVersion "1"]
[SourceVersionDate "2002.11.25"]
[SourceQuality "1"]

1. e4 e5 2. Nf3 Nc6 3. d4 exd4 4. Nxd4 Nge7 5. Bb5 Nxd4 6. Qxd4 c6 7. Bd3 d5 8. exd5 cxd5 9. Nc3 a6 10. Qe5 Be6 11. 0-0 Nc6 12. Qg5 Qxg5 13. Bxg5 Be7 14. Bxe7 Nxe7 15. Ne2 0-0 16. Rfe1 Rfe8 17. Rad1 f6 18. c3 Rad8 19. a3 Nc6 20. b4 b5 21. Bc2 Bf7 22. Bb3 Rd7 23. f3 Red8 24. a4 d4 25. Bxf7+ Kxf7 26. axb5 axb5 27. Nxd4 Nxd4 28. cxd4 Rxd4 29. Rxd4 Rxd4 30. Re4 Rxe4 31. fxe4 Ke6 32. Kf2 Ke5 33. Ke3 g6 34. g4 h6 1/2-1/2